[Event "Multi Tabs"]
[Site "Gladsaxe"]
[Date "1979.??.??"]
[Round "1"]
[White "Kaiszauri, Konstanty"]
[Black "Fries Nielsen, Jens Ove"]
[Result "0-1"]
[WhiteElo "2405"]
[BlackElo "2310"]
[PlyCount "68"]
[EventDate "1979.??.??"]
[EventType "tourn"]
[EventRounds "9"]
[EventCountry "DEN"]

1. e4 d6 2. d4 Nf6 3. Nc3 g6 4. Nf3 Bg7 5. Be2 O-O 6. O-O c6 7. h3 Nbd7 8. e5
dxe5 9. dxe5 Nd5 10. Nxd5 cxd5 11. Bf4 Nc5 12. Qc1 Ne6 13. Bh6 Qb6 14. Bxg7
Kxg7 15. Rd1 Rd8 16. a4 d4 17. b3 Bd7 18. Bc4 Bc6 19. Ng5 Bd5 20. a5 Qc6 21.
Ra4 Rac8 22. Qd2 h6 23. Nxe6+ Qxe6 24. a6 bxa6 25. Bxa6 Rxc2 26. Qxc2 Bxb3 27.
Qc7 Rd7 28. Bc8 Rxc7 29. Bxe6 Bxd1 30. Rxd4 Rc1 31. Bd7 a5 32. f4 a4 33. Kh2 a3
34. Rd2 Bb3 0-1

[Event "Multi Tabs"]
[Site "Gladsaxe"]
[Date "1979.??.??"]
[Round "1"]
[White "Kristiansen, Jens"]
[Black "Arnason, Jon"]
[Result "1-0"]
[WhiteElo "2365"]
[BlackElo "2410"]
[PlyCount "81"]
[EventDate "1979.??.??"]
[EventType "tourn"]
[EventRounds "9"]
[EventCountry "DEN"]

1. e4 c5 2. Nc3 Nc6 3. g3 g6 4. Bg2 Bg7 5. d3 d6 6. f4 e5 7. Nh3 Nge7 8. O-O
exf4 9. Bxf4 O-O 10. Qd2 Nd4 11. Bh6 Nec6 12. Nd5 Ne5 13. Bxg7 Kxg7 14. Nhf4
Bg4 15. h3 Bd7 16. c3 Ne6 17. Rf2 Rc8 18. Raf1 b5 19. b3 Qa5 20. Qe3 Nc6 21.
Nf6 Kxf6 22. Nxe6+ Kxe6 23. Qg5 Be8 24. Qg4+ f5 25. exf5+ Ke7 26. fxg6 Bxg6 27.
Qg5+ Kd7 28. Rxf8 Rxf8 29. Rxf8 Qxc3 30. Qg4+ Ke7 31. Qf3 Nb4 32. Ra8 Qxd3 33.
Rxa7+ Ke6 34. Qf8 Nd5 35. Qg8+ Ke5 36. Qg7+ Ke6 37. h4 Kf5 38. Qf8+ Ke5 39.
Qg7+ Kf5 40. Kh2 Nf6 41. Qf8 1-0

[Event "Multi Tabs"]
[Site "Gladsaxe"]
[Date "1979.??.??"]
[Round "1"]
[White "Mortensen, Erling"]
[Black "Hoi, Carsten"]
[Result "1/2-1/2"]
[WhiteElo "2365"]
[BlackElo "2355"]
[PlyCount "58"]
[EventDate "1979.??.??"]
[EventType "tourn"]
[EventRounds "9"]
[EventCountry "DEN"]

1. e4 d6 2. d4 Nf6 3. Nc3 g6 4. Nf3 Bg7 5. Be2 O-O 6. Bg5 Bg4 7. Qd2 c6 8. O-O
Nbd7 9. a4 a5 10. Rad1 Qb6 11. Be3 Qb4 12. h3 Bxf3 13. Bxf3 Rfd8 14. b3 e5 15.
Rfe1 Rac8 16. g3 Re8 17. Bg2 exd4 18. Bxd4 Nc5 19. f3 Ne6 20. Be3 d5 21. exd5
cxd5 22. Nb5 Qf8 23. Nd4 Nh5 24. g4 Nhf4 25. Nxe6 Nxe6 26. Qxd5 Rxc2 27. f4 Qb4
28. Qxb7 Qc3 29. Bd5 Rf8 1/2-1/2

[Event "Multi Tabs"]
[Site "Gladsaxe"]
[Date "1979.??.??"]
[Round "1"]
[White "Schneider, Lars Ake"]
[Black "Fuglsang, Flemming"]
[Result "1-0"]
[WhiteElo "2420"]
[BlackElo "2205"]
[PlyCount "83"]
[EventDate "1979.??.??"]
[EventType "tourn"]
[EventRounds "9"]
[EventCountry "DEN"]

1. e4 c5 2. Nf3 Nc6 3. d4 cxd4 4. Nxd4 Nf6 5. Nc3 d6 6. Bc4 Bd7 7. O-O g6 8. h3
Bg7 9. Be3 O-O 10. Qd2 Na5 11. Be2 Rc8 12. Bh6 Nc4 13. Bxc4 Rxc4 14. Bxg7 Kxg7
15. Rfe1 Qb6 16. Nb3 Be6 17. Nd5 Bxd5 18. exd5 e5 19. dxe6 fxe6 20. c3 e5 21.
Rad1 Re4 22. Rf1 d5 23. Nc1 Rf4 24. Kh2 h5 25. f3 Rf5 26. Rfe1 h4 27. Re2 e4
28. fxe4 Qc7+ 29. e5 Rxe5 30. Rxe5 Qxe5+ 31. Kg1 Re8 32. Qf2 Qg5 33. Qxa7 Re3
34. Qxb7+ Kh6 35. Qc8 Qg3 36. Rf1 Qe5 37. Qh8+ Kg5 38. Nb3 Re1 39. Nd4 Qe3+ 40.
Kh2 Rxf1 41. Nf3+ Kf4 42. Qxf6+ 1-0

[Event "Multi Tabs"]
[Site "Gladsaxe"]
[Date "1979.??.??"]
[Round "2"]
[White "Fuglsang, Flemming"]
[Black "Wedberg, Tom"]
[Result "0-1"]
[WhiteElo "2205"]
[BlackElo "2425"]
[PlyCount "78"]
[EventDate "1979.??.??"]
[EventType "tourn"]
[EventRounds "9"]
[EventCountry "DEN"]

1. c4 c5 2. Nc3 Nc6 3. g3 g6 4. Bg2 Bg7 5. e4 e6 6. Nge2 Nge7 7. O-O O-O 8. d3
d6 9. Rb1 Rb8 10. a3 b6 11. b4 Bb7 12. Be3 Nd4 13. Qd2 Qd7 14. h3 Rfd8 15. Bg5
Rbc8 16. Nxd4 cxd4 17. Ne2 f6 18. Bh6 e5 19. Kh2 Rf8 20. h4 Rf7 21. Bh3 f5 22.
Bxg7 Kxg7 23. a4 Rcf8 24. a5 Qe8 25. f3 fxe4 26. fxe4 Rxf1 27. Rxf1 Rxf1 28.
Bxf1 Qf7 29. Kg2 Nf5 30. Qe1 bxa5 31. bxa5 Ne3+ 32. Kg1 Bc8 33. Bg2 Bg4 34. Nc1
Qb7 35. Qd2 Qb1 36. Kh2 Bf3 37. Bh3 Bg4 38. Bg2 Qa1 39. Na2 Bf3 0-1

[Event "Multi Tabs"]
[Site "Gladsaxe"]
[Date "1979.??.??"]
[Round "2"]
[White "Hoi, Carsten"]
[Black "Kristiansen, Jens"]
[Result "0-1"]
[WhiteElo "2355"]
[BlackElo "2365"]
[PlyCount "116"]
[EventDate "1979.??.??"]
[EventType "tourn"]
[EventRounds "9"]
[EventCountry "DEN"]

1. d4 f5 2. c4 Nf6 3. g3 e6 4. Bg2 Bb4+ 5. Bd2 Be7 6. Nc3 O-O 7. Nf3 d5 8. O-O
c6 9. Bg5 Nbd7 10. e3 Ne4 11. Bxe7 Qxe7 12. Qc2 b6 13. Ne2 Ba6 14. b3 Rac8 15.
Nf4 c5 16. Rfd1 dxc4 17. d5 e5 18. Ne6 Rf6 19. bxc4 Nd6 20. Nd2 Nf8 21. f4 e4
22. Nxf8 Rfxf8 23. a4 Qf6 24. Kh1 h6 25. Bf1 Rf7 26. Be2 Kh7 27. a5 b5 28. cxb5
Bxb5 29. Bc4 Rd7 30. Rab1 a6 31. Rbc1 Rcd8 32. Bxb5 Nxb5 33. Nb3 Rxd5 34. Rxd5
Rxd5 35. Nxc5 Qd6 36. Nb7 Qa3 37. Re1 Qb4 38. Rb1 Na3 39. Rxb4 Nxc2 40. Rb6
Nxe3 41. Kg1 Rd1+ 42. Kf2 Nc2 43. Ke2 Rd3 44. Nc5 Nd4+ 45. Ke1 Ra3 46. Rd6 Rxa5
47. Rxd4 Rxc5 48. g4 fxg4 49. Rxe4 Rc2 50. f5 h5 51. Re7 Kh6 52. Ra7 Rxh2 53.
Rxa6+ Kg5 54. Rg6+ Kxf5 55. Rxg7 h4 56. Kf1 g3 57. Kg1 Ra2 58. Rg8 Kf4 0-1

[Event "Multi Tabs"]
[Site "Gladsaxe"]
[Date "1979.??.??"]
[Round "2"]
[White "Kaiszauri, Konstanty"]
[Black "Mortensen, Erling"]
[Result "1/2-1/2"]
[WhiteElo "2405"]
[BlackElo "2365"]
[PlyCount "85"]
[EventDate "1979.??.??"]
[EventType "tourn"]
[EventRounds "9"]
[EventCountry "DEN"]

1. e4 c5 2. Nf3 e6 3. d3 Nc6 4. g3 d5 5. Nbd2 Nge7 6. Bg2 g6 7. h4 h6 8. O-O
Bg7 9. Re1 b6 10. exd5 Nxd5 11. d4 cxd4 12. Nb3 Bb7 13. Nfxd4 Nxd4 14. Nxd4 Rc8
15. Nxe6 fxe6 16. Rxe6+ Kf7 17. Qg4 Bf6 18. c4 h5 19. Qe4 Rxc4 20. Rxf6+ Nxf6
21. Qxc4+ Bd5 22. Bxd5+ Qxd5 23. Qc7+ Qd7 24. Qxd7+ Nxd7 25. Bg5 Re8 26. Rd1
Ne5 27. Kg2 Re6 28. f3 Rc6 29. Rd2 Ke6 30. Bf4 Nd7 31. Re2+ Kd5 32. Rd2+ Ke6
33. Re2+ Kd5 34. Re7 Rc2+ 35. Kh3 Nc5 36. Rxa7 Rxb2 37. Rg7 Nd3 38. Be3 Ne5 39.
Rb7 Nxf3 40. g4 hxg4+ 41. Kxg4 Ne5+ 42. Kf4 Rxa2 43. Bxb6 1/2-1/2

[Event "Multi Tabs"]
[Site "Gladsaxe"]
[Date "1979.??.??"]
[Round "2"]
[White "Fries Nielsen, Jens Ove"]
[Black "Niklasson, Christer"]
[Result "1-0"]
[WhiteElo "2310"]
[BlackElo "2385"]
[PlyCount "71"]
[EventDate "1979.??.??"]
[EventType "tourn"]
[EventRounds "9"]
[EventCountry "DEN"]

1. d4 Nf6 2. e3 g6 3. Nf3 Bg7 4. Be2 O-O 5. O-O d6 6. b3 Nbd7 7. Bb2 e5 8. dxe5
Ng4 9. c4 dxe5 10. Nc3 Ngf6 11. Qc2 Re8 12. Rfd1 e4 13. Nd2 Qe7 14. Nb5 Nc5 15.
b4 Na6 16. a3 c5 17. Bc3 Bf5 18. Nb3 Red8 19. Nxc5 Nxc5 20. bxc5 Qxc5 21. Bd4
Qe7 22. Bxa7 Ng4 23. Bxg4 Bxg4 24. Rxd8+ Rxd8 25. Bd4 Rc8 26. Bxg7 Kxg7 27. Nd4
Rc5 28. Qc3 f6 29. Rb1 Qc7 30. Rb4 Bd7 31. Nb3 Rd5 32. Nd4 b5 33. Qc2 Re5 34.
h3 Bxh3 35. gxh3 Qd7 36. Rxb5 1-0

[Event "Multi Tabs"]
[Site "Gladsaxe"]
[Date "1979.??.??"]
[Round "3"]
[White "Kristiansen, Jens"]
[Black "Kaiszauri, Konstanty"]
[Result "1-0"]
[WhiteElo "2365"]
[BlackElo "2405"]
[PlyCount "73"]
[EventDate "1979.??.??"]
[EventType "tourn"]
[EventRounds "9"]
[EventCountry "DEN"]

1. e4 e5 2. Nf3 Nc6 3. d4 exd4 4. Nxd4 Nf6 5. Nxc6 bxc6 6. e5 Qe7 7. Qe2 Nd5 8.
c4 Ba6 9. Nd2 g6 10. b3 Bg7 11. Bb2 O-O 12. O-O-O c5 13. Ne4 Nf4 14. Qe3 Bxe5
15. Nxc5 Bxb2+ 16. Kxb2 Qf6+ 17. Qc3 Qxc3+ 18. Kxc3 Bc8 19. Nxd7 Bxd7 20. Rxd7
Ne6 21. Be2 a5 22. Bf3 Rad8 23. Rhd1 c5 24. Rxd8 Rxd8 25. Rxd8+ Nxd8 26. Bd5
Kf8 27. a3 Ke7 28. b4 cxb4+ 29. axb4 axb4+ 30. Kxb4 Kd6 31. f4 h6 32. Kb5 g5
33. g3 f6 34. Kb6 h5 35. h4 gxf4 36. gxf4 f5 37. Kb5 1-0

[Event "Multi Tabs"]
[Site "Gladsaxe"]
[Date "1979.??.??"]
[Round "3"]
[White "Mortensen, Erling"]
[Black "Fries Nielsen, Jens Ove"]
[Result "0-1"]
[WhiteElo "2365"]
[BlackElo "2310"]
[PlyCount "76"]
[EventDate "1979.??.??"]
[EventType "tourn"]
[EventRounds "9"]
[EventCountry "DEN"]

1. e4 d6 2. d4 Nf6 3. Nc3 g6 4. Nf3 Bg7 5. Be2 O-O 6. Bg5 c6 7. O-O d5 8. e5
Ne4 9. Bh4 c5 10. dxc5 Nxc3 11. bxc3 Nc6 12. Rb1 Nxe5 13. Nxe5 Bxe5 14. Bf3 Qc7
15. Qxd5 Bxh2+ 16. Kh1 e6 17. Qb3 Be5 18. Bxb7 Bxb7 19. Qxb7 Qxc5 20. Be7 Qc4
21. Qb5 Qf4 22. g3 Qe4+ 23. Kg1 Rfb8 24. Qa6 Rxb1 25. Rxb1 Qxc2 26. Rb7 Qxc3
27. Rxa7 Qe1+ 28. Kg2 Rb8 29. Qd3 h5 30. Qf3 Rb1 31. Ra8+ Kh7 32. Qxf7+ Bg7 33.
Qg8+ Kh6 34. Kf3 Qd1+ 35. Ke3 Qd4+ 36. Kf3 Qd5+ 37. Ke3 Re1+ 38. Kf4 Be5# 0-1

[Event "Multi Tabs"]
[Site "Gladsaxe"]
[Date "1979.??.??"]
[Round "3"]
[White "Niklasson, Christer"]
[Black "Fuglsang, Flemming"]
[Result "0-1"]
[WhiteElo "2385"]
[BlackElo "2205"]
[PlyCount "68"]
[EventDate "1979.??.??"]
[EventType "tourn"]
[EventRounds "9"]
[EventCountry "DEN"]

1. d4 Nf6 2. c4 c5 3. d5 b5 4. cxb5 a6 5. e3 g6 6. Nc3 Bg7 7. Nf3 d6 8. a4 O-O
9. Ra3 axb5 10. Bxb5 Ba6 11. O-O Bxb5 12. axb5 Nbd7 13. Qe2 Qc8 14. e4 Qb7 15.
Bg5 Rfe8 16. Nd2 Nb6 17. Ra6 Ra7 18. Rfa1 Rea8 19. R1a3 Ne8 20. Qf1 h6 21. Qa1
Nc8 22. Be3 Nc7 23. R6a5 Kh7 24. Ndb1 Bd4 25. Bd2 Qb6 26. Na4 Qb7 27. Rxa7 Rxa7
28. Nac3 Nxb5 29. Nxb5 Qxb5 30. Rxa7 Qe2 31. Nc3 Qxf2+ 32. Kh1 Nxa7 33. h3 Qxd2
34. Qxa7 Qe1+ 0-1

[Event "Multi Tabs"]
[Site "Gladsaxe"]
[Date "1979.??.??"]
[Round "3"]
[White "Wedberg, Tom"]
[Black "Arnason, Jon"]
[Result "0-1"]
[WhiteElo "2425"]
[BlackElo "2410"]
[PlyCount "134"]
[EventDate "1979.??.??"]
[EventType "tourn"]
[EventRounds "9"]
[EventCountry "DEN"]

1. e4 c5 2. Nf3 e6 3. d4 cxd4 4. Nxd4 a6 5. Bd3 Nf6 6. O-O Qc7 7. Be3 d5 8. Nc3
Bb4 9. exd5 Bxc3 10. bxc3 Nxd5 11. Bd2 O-O 12. Qh5 g6 13. Qh4 e5 14. Bh6 Qd8
15. Qxd8 Rxd8 16. Nf3 f6 17. c4 Ne7 18. Rab1 Nbc6 19. c5 Kf7 20. Nd2 Bf5 21.
Bc4+ Be6 22. Be3 Rab8 23. Bb3 Nf5 24. Ne4 Ke7 25. Bxe6 Kxe6 26. Rb6 Rd5 27. g4
Nxe3 28. fxe3 f5 29. c4 Rd3 30. Nd6 Rxe3 31. Rd1 e4 32. Nxb7 Ke5 33. Rxc6 Rxb7
34. Rb6 Rc7 35. c6 Rd3 36. Rxd3 exd3 37. Kf2 Kd4 38. Ke1 Kxc4 39. Kd2 Kc5 40.
Rxa6 fxg4 41. Kxd3 Rxc6 42. Ra7 h5 43. Ke4 Rf6 44. Rc7+ Kd6 45. Rc2 g5 46. a3
Rf4+ 47. Ke3 Rf3+ 48. Ke4 Rf4+ 49. Ke3 Kd5 50. Rd2+ Ke5 51. Ra2 Ra4 52. Ra1 h4
53. Ra2 Kf5 54. Rf2+ Kg6 55. Ra2 Kh5 56. Ra1 h3 57. Ra2 Kh4 58. Kf2 Rf4+ 59.
Kg1 g3 60. hxg3+ Kxg3 61. a4 g4 62. a5 Rc4 63. Ra3+ Kh4 64. Ra1 g3 65. a6 h2+
66. Kg2 Rc2+ 67. Kf3 Ra2 0-1

[Event "Multi Tabs"]
[Site "Gladsaxe"]
[Date "1979.??.??"]
[Round "4"]
[White "Hoi, Carsten"]
[Black "Wedberg, Tom"]
[Result "1/2-1/2"]
[WhiteElo "2355"]
[BlackElo "2425"]
[PlyCount "84"]
[EventDate "1979.??.??"]
[EventType "tourn"]
[EventRounds "9"]
[EventCountry "DEN"]

1. d4 Nf6 2. c4 e6 3. Nc3 Bb4 4. e3 O-O 5. Bd3 d5 6. a3 Bxc3+ 7. bxc3 dxc4 8.
Bxc4 c5 9. Nf3 Qa5 10. Bb2 cxd4 11. exd4 b6 12. O-O Ba6 13. Bd3 Rc8 14. Rc1
Bxd3 15. Qxd3 b5 16. Ne5 Nc6 17. c4 bxc4 18. Rxc4 Ne7 19. Rfc1 Rab8 20. h3 h6
21. Rxc8+ Rxc8 22. Rxc8+ Nxc8 23. Qc4 Qe1+ 24. Kh2 Nd6 25. Qc6 Nfe4 26. Nd7 h5
27. Bc1 Qc3 28. Qa8+ Qc8 29. Qxc8+ Nxc8 30. Be3 f6 31. f3 Nc3 32. g4 hxg4 33.
fxg4 Kf7 34. Kg2 Ke7 35. Nc5 Kd6 36. Kf3 Kd5 37. h4 Nd6 38. Nd3 Ne8 39. Nf4+
Kd6 40. Bd2 Nd5 41. Bb4+ Nxb4 42. axb4 e5 1/2-1/2

[Event "Multi Tabs"]
[Site "Gladsaxe"]
[Date "1979.??.??"]
[Round "4"]
[White "Kaiszauri, Konstanty"]
[Black "Schneider, Lars Ake"]
[Result "0-1"]
[WhiteElo "2405"]
[BlackElo "2420"]
[PlyCount "52"]
[EventDate "1979.??.??"]
[EventType "tourn"]
[EventRounds "9"]
[EventCountry "DEN"]

1. e4 e5 2. Nf3 Nf6 3. d4 Nxe4 4. Bd3 d5 5. Nxe5 Nd7 6. Nxf7 Kxf7 7. Qh5+ Ke7
8. Bxe4 dxe4 9. Nc3 Nf6 10. Bg5 Bf5 11. O-O Bg6 12. Qe2 Kd7 13. Rfe1 Kc8 14.
Nxe4 Bxe4 15. Bxf6 Qxf6 16. Qxe4 a6 17. c4 Kb8 18. c5 g6 19. Re3 Ka7 20. Rb3 c6
21. Rd1 Rd8 22. Rbd3 Bg7 23. Qe1 Rhe8 24. Qb4 Re2 25. f3 Qg5 26. g3 Bxd4+ 0-1

[Event "Multi Tabs"]
[Site "Gladsaxe"]
[Date "1979.??.??"]
[Round "4"]
[White "Mortensen, Erling"]
[Black "Kristiansen, Jens"]
[Result "1/2-1/2"]
[WhiteElo "2365"]
[BlackElo "2365"]
[PlyCount "81"]
[EventDate "1979.??.??"]
[EventType "tourn"]
[EventRounds "9"]
[EventCountry "DEN"]

1. d4 Nf6 2. c4 e6 3. g3 Be7 4. d5 O-O 5. Bg2 Na6 6. Nc3 Bb4 7. Bd2 e5 8. a3
Bxc3 9. Bxc3 d6 10. Qc2 Bd7 11. Nf3 b5 12. O-O bxc4 13. Nd2 Nc5 14. Bb4 Nb3 15.
Nxb3 cxb3 16. Qxb3 a5 17. Bd2 Qb8 18. Qc2 Qb7 19. Rfd1 Nxd5 20. Be1 Be6 21. Qd2
c6 22. e4 Nb6 23. Qxd6 Nc4 24. Qc5 Qxb2 25. Rdb1 Qd4 26. Qxc6 Rfc8 27. Qb5 Qd6
28. Rd1 Qc7 29. Rdc1 Qa7 30. Bf1 Rc5 31. Qb1 Rac8 32. Qd3 Qc7 33. Rc3 Nb2 34.
Rxc5 Qxc5 35. Qb5 Qxb5 36. Bxb5 a4 37. Rb1 Rc2 38. Bb4 h6 39. Re1 Bc4 40. Bxc4
Nxc4 41. Rd1 1/2-1/2

[Event "Multi Tabs"]
[Site "Gladsaxe"]
[Date "1979.??.??"]
[Round "4"]
[White "Fries Nielsen, Jens Ove"]
[Black "Fuglsang, Flemming"]
[Result "1-0"]
[WhiteElo "2310"]
[BlackElo "2205"]
[PlyCount "81"]
[EventDate "1979.??.??"]
[EventType "tourn"]
[EventRounds "9"]
[EventCountry "DEN"]

1. Nf3 c5 2. g3 Nc6 3. c4 g6 4. Bg2 Bg7 5. O-O e6 6. Nc3 Nge7 7. d3 O-O 8. Bd2
b6 9. Rb1 Bb7 10. a3 d6 11. b4 Qd7 12. Qa4 Rfd8 13. Rfc1 h6 14. e3 Kh7 15. Rd1
Qc8 16. Be1 Nf5 17. Ne2 Ne5 18. e4 Nxf3+ 19. Bxf3 Nd4 20. Nxd4 Bxd4 21. Qb3 e5
22. Bg2 Bc6 23. b5 Bd7 24. Bc3 Bxc3 25. Qxc3 g5 26. Rb2 Rg8 27. Rdb1 Be6 28. a4
Rb8 29. a5 f6 30. Qa3 Rg7 31. Ra1 Kg6 32. axb6 axb6 33. Rba2 h5 34. Qc1 Rh7 35.
f4 Bd7 36. Ra7 Rb7 37. fxg5 fxg5 38. h4 gxh4 39. gxh4 Rh6 40. Qg5+ Kh7 41. Qe7+
1-0

[Event "Multi Tabs"]
[Site "Gladsaxe"]
[Date "1979.??.??"]
[Round "5"]
[White "Fuglsang, Flemming"]
[Black "Arnason, Jon"]
[Result "1/2-1/2"]
[WhiteElo "2205"]
[BlackElo "2410"]
[PlyCount "87"]
[EventDate "1979.??.??"]
[EventType "tourn"]
[EventRounds "9"]
[EventCountry "DEN"]

1. c4 Nf6 2. Nc3 c5 3. g3 d5 4. cxd5 Nxd5 5. Bg2 Nc7 6. d3 e5 7. f4 exf4 8.
Bxf4 Bd6 9. Qa4+ Bd7 10. Qe4+ Be6 11. Bxd6 Qxd6 12. Qxb7 O-O 13. Nb5 Nxb5 14.
Qxb5 Bd7 15. Qc4 Nc6 16. Nf3 Rab8 17. b3 Rfe8 18. Rc1 Nb4 19. O-O Rxe2 20. d4
Bb5 21. dxc5 Qe7 22. Qf4 Rxg2+ 23. Kxg2 Bxf1+ 24. Rxf1 Qb7 25. Rd1 Re8 26. Rd2
h6 27. Qf5 Qa6 28. Ne5 Qb7+ 29. Kh3 Qe7 30. Ng4 Rd8 31. Qe5 Qf8 32. Rd6 Rc8 33.
a3 Nc6 34. Qe4 Ne7 35. b4 Kh8 36. Ne5 f5 37. Qh4 Kh7 38. c6 Re8 39. Qd4 Nc8 40.
Rd7 Qf6 41. Nc4 Qg6 42. Kg2 Qxc6+ 43. Qd5 Qg6 44. Qf7 1/2-1/2

[Event "Multi Tabs"]
[Site "Gladsaxe"]
[Date "1979.??.??"]
[Round "5"]
[White "Kristiansen, Jens"]
[Black "Fries Nielsen, Jens Ove"]
[Result "0-1"]
[WhiteElo "2365"]
[BlackElo "2310"]
[PlyCount "76"]
[EventDate "1979.??.??"]
[EventType "tourn"]
[EventRounds "9"]
[EventCountry "DEN"]

1. e4 d6 2. d4 Nf6 3. Nc3 g6 4. Nf3 Bg7 5. Be2 O-O 6. O-O Bg4 7. Be3 Nc6 8. Qd2
e5 9. d5 Ne7 10. Rad1 Bd7 11. Ne1 b5 12. a3 a5 13. f3 Qb8 14. b4 Rc8 15. f4
axb4 16. axb4 exf4 17. Bd4 g5 18. Nf3 h6 19. h4 c5 20. bxc5 b4 21. hxg5 bxc3
22. Qd3 hxg5 23. Rb1 Qc7 24. cxd6 Qxd6 25. Rb6 Qa3 26. Rxf6 g4 27. Ng5 Bxf6 28.
Bxf6 Qc5+ 29. Kh1 Ng6 30. e5 Qf8 31. g3 Qh6+ 32. Kg2 f3+ 33. Bxf3 Nxe5 34. Bxe5
Qxg5 35. Bxg4 Bxg4 36. Bf6 Qh6 37. Rf4 Qh3+ 38. Kf2 Qh2+ 0-1

[Event "Multi Tabs"]
[Site "Gladsaxe"]
[Date "1979.??.??"]
[Round "5"]
[White "Niklasson, Christer"]
[Black "Hoi, Carsten"]
[Result "1-0"]
[WhiteElo "2385"]
[BlackElo "2355"]
[PlyCount "73"]
[EventDate "1979.??.??"]
[EventType "tourn"]
[EventRounds "9"]
[EventCountry "DEN"]

1. d4 Nf6 2. c4 d6 3. Nc3 g6 4. e4 Bg7 5. h3 O-O 6. Be3 e5 7. d5 a5 8. Bd3 Na6
9. g4 Nc5 10. Bc2 c6 11. Nge2 Bd7 12. Ng3 Rb8 13. Qe2 Qe7 14. O-O-O Ne8 15. h4
b6 16. Rd2 Nc7 17. h5 cxd5 18. exd5 b5 19. hxg6 hxg6 20. Nce4 Nxe4 21. Nxe4
bxc4 22. Qf3 f5 23. gxf5 Bxf5 24. Qg3 Nxd5 25. Rxd5 Qb7 26. Rxd6 Qxb2+ 27. Kd1
Rfd8 28. Rd2 c3 29. Bb3+ Rxb3 30. Rxd8+ Kf7 31. f3 Qb1+ 32. Bc1 Rb2 33. Nd6+
Ke6 34. Ne8 c2+ 35. Kd2 Bf6 36. Rd6+ Kf7 37. Rh7+ 1-0

[Event "Multi Tabs"]
[Site "Gladsaxe"]
[Date "1979.??.??"]
[Round "5"]
[White "Schneider, Lars Ake"]
[Black "Mortensen, Erling"]
[Result "1/2-1/2"]
[WhiteElo "2420"]
[BlackElo "2365"]
[PlyCount "48"]
[EventDate "1979.??.??"]
[EventType "tourn"]
[EventRounds "9"]
[EventCountry "DEN"]

1. b3 c5 2. Bb2 Nc6 3. Nf3 d6 4. e3 e5 5. d3 Nf6 6. Be2 g6 7. O-O Bg7 8. c4 O-O
9. Nc3 Re8 10. Rc1 b6 11. Nd2 d5 12. cxd5 Nxd5 13. Nxd5 Qxd5 14. b4 Ba6 15.
bxc5 Nb4 16. Bf3 Qxa2 17. Bxa8 Rxa8 18. cxb6 Qxb2 19. Rb1 Qa3 20. Qf3 Rd8 21.
bxa7 Bxd3 22. Rxb4 Qxb4 23. a8=Q Rxa8 24. Qxa8+ Bf8 1/2-1/2

[Event "Multi Tabs"]
[Site "Gladsaxe"]
[Date "1979.??.??"]
[Round "5"]
[White "Wedberg, Tom"]
[Black "Kaiszauri, Konstanty"]
[Result "1-0"]
[WhiteElo "2425"]
[BlackElo "2405"]
[PlyCount "83"]
[EventDate "1979.??.??"]
[EventType "tourn"]
[EventRounds "9"]
[EventCountry "DEN"]

1. e4 e5 2. Nf3 Nc6 3. Bb5 a6 4. Ba4 Nf6 5. O-O Be7 6. Bxc6 dxc6 7. d3 Nd7 8.
Nbd2 O-O 9. Nc4 f6 10. Nh4 g6 11. Bh6 Rf7 12. f4 exf4 13. Rxf4 Nf8 14. Rf1 Be6
15. Ne3 f5 16. Nhxf5 gxf5 17. exf5 Bd7 18. Qg4+ Kh8 19. Rf3 Bd6 20. Bg5 Be7 21.
Bxe7 Qxe7 22. Rg3 Ng6 23. Qd4+ Qe5 24. Qc4 Rxf5 25. Nxf5 Bxf5 26. Rf1 c5 27. b4
Be6 28. Qxc5 Qxc5+ 29. bxc5 Bxa2 30. c4 a5 31. Rf7 Rc8 32. Rh3 Nf8 33. Re3 Ng6
34. Rh3 Nf8 35. Re3 Bb1 36. Rf2 Rd8 37. Rb2 Rxd3 38. Re1 Nd7 39. c6 bxc6 40.
Rbxb1 Kg7 41. Ra1 Nb6 42. Re7+ 1-0

[Event "Multi Tabs"]
[Site "Gladsaxe"]
[Date "1979.??.??"]
[Round "6"]
[White "Hoi, Carsten"]
[Black "Fuglsang, Flemming"]
[Result "1-0"]
[WhiteElo "2355"]
[BlackElo "2205"]
[PlyCount "79"]
[EventDate "1979.??.??"]
[EventType "tourn"]
[EventRounds "9"]
[EventCountry "DEN"]

1. d4 Nf6 2. c4 c5 3. d5 b5 4. cxb5 a6 5. bxa6 Bxa6 6. Nc3 g6 7. e4 Bxf1 8.
Kxf1 d6 9. f4 Nbd7 10. Nf3 Nb6 11. g3 Bg7 12. Kg2 O-O 13. Re1 Qd7 14. Be3 Rfb8
15. e5 Ng4 16. Bc1 Nc4 17. b3 dxe5 18. bxc4 exf4 19. Qd3 Qf5 20. Qxf5 gxf5 21.
Bd2 Rb2 22. Rac1 Ra3 23. d6 Ne3+ 24. Kh3 exd6 25. gxf4 Ng4 26. Re8+ Bf8 27. Kh4
f6 28. Kg3 h5 29. Re2 Bh6 30. h3 Rb4 31. hxg4 fxg4 32. Nh4 Rxc4 33. Nf5 Bxf4+
34. Bxf4 Raxc3+ 35. Rxc3 Rxc3+ 36. Re3 Rc2 37. Re8+ Kh7 38. Re7+ Kh8 39. Kh4 g3
40. Bxg3 1-0

[Event "Multi Tabs"]
[Site "Gladsaxe"]
[Date "1979.??.??"]
[Round "7"]
[White "Arnason, Jon"]
[Black "Hoi, Carsten"]
[Result "0-1"]
[WhiteElo "2410"]
[BlackElo "2355"]
[PlyCount "114"]
[EventDate "1979.??.??"]
[EventType "tourn"]
[EventRounds "9"]
[EventCountry "DEN"]

1. e4 e6 2. d4 d5 3. Nc3 Nf6 4. e5 Ng8 5. Nf3 b6 6. h4 Bb4 7. Bd2 Ba6 8. Nb5
Bxd2+ 9. Qxd2 Ne7 10. h5 h6 11. g4 Bxb5 12. Bxb5+ Nd7 13. O-O-O c6 14. Bd3 Qc7
15. Kb1 c5 16. c3 c4 17. Bf1 b5 18. Bh3 a5 19. g5 Qb6 20. Rhg1 b4 21. Ka1 Rb8
22. Rb1 Rb7 23. Nh4 hxg5 24. Qxg5 Rg8 25. f4 f5 26. Ng6 Nf8 27. Nh4 Kd7 28. Qg3
Qb5 29. Nf3 Nh7 30. Qf2 Nc6 31. Nh4 Ne7 32. Ng2 Rgb8 33. Rbc1 a4 34. cxb4 Qxb4
35. Rc3 Qxb2+ 36. Qxb2 Rxb2 37. Ne3 Ke8 38. Nc2 Kf7 39. Na3 Rh2 40. Rcg3 Rbb2
41. Rxg7+ Kf8 42. R7g2 c3 43. Rxh2 Rxh2 44. Bg2 Nc6 45. Nb5 c2 46. Kb2 Nb4 47.
Nc7 Kf7 48. Nb5 Nd3+ 49. Kxc2 Nxf4 50. Nc3 Nxg2 51. Nxa4 Nf4+ 52. Kb3 Ne2 53.
Rd1 Ng5 54. Nb6 Nf3 55. Kb4 Nexd4 56. a4 Rxh5 57. Kc5 Rh2 0-1

[Event "Multi Tabs"]
[Site "Gladsaxe"]
[Date "1979.??.??"]
[Round "7"]
[White "Fuglsang, Flemming"]
[Black "Kaiszauri, Konstanty"]
[Result "1-0"]
[WhiteElo "2205"]
[BlackElo "2405"]
[PlyCount "67"]
[EventDate "1979.??.??"]
[EventType "tourn"]
[EventRounds "9"]
[EventCountry "DEN"]

1. c4 e5 2. Nc3 Nf6 3. Nf3 Nc6 4. e4 d6 5. d4 Bg4 6. d5 Nd4 7. Be3 Nxf3+ 8.
gxf3 Bd7 9. Bd3 Nh5 10. Qb3 b6 11. O-O-O g6 12. Ne2 Qf6 13. f4 Nxf4 14. Nxf4
exf4 15. Bd2 Qh4 16. Bc3 f6 17. c5 Be7 18. Bb5 Rd8 19. Bxd7+ Rxd7 20. c6 Rd8
21. Bd4 O-O 22. Rd3 Rf7 23. Rg1 Qxh2 24. Qd1 f3 25. Rxf3 Qh4 26. Qd3 Bf8 27.
Rh3 Qf4+ 28. Be3 Qe5 29. Bd4 Qe7 30. Rh4 f5 31. Qh3 Rg7 32. exf5 gxf5 33. Bxg7
Bxg7 34. Rxh7 1-0

[Event "Multi Tabs"]
[Site "Gladsaxe"]
[Date "1979.??.??"]
[Round "7"]
[White "Schneider, Lars Ake"]
[Black "Fries Nielsen, Jens Ove"]
[Result "1/2-1/2"]
[WhiteElo "2420"]
[BlackElo "2310"]
[PlyCount "63"]
[EventDate "1979.??.??"]
[EventType "tourn"]
[EventRounds "9"]
[EventCountry "DEN"]

1. e4 d6 2. d4 Nf6 3. Nc3 g6 4. f4 Bg7 5. Nf3 O-O 6. Be3 Na6 7. Be2 c5 8. dxc5
Nxc5 9. e5 Ng4 10. Bg1 Ne6 11. h3 Nh6 12. Nd5 dxe5 13. fxe5 Nf5 14. Bf2 Nfd4
15. Nxe7+ Qxe7 16. Bxd4 Nxd4 17. Qxd4 Rd8 18. Qe3 Qb4+ 19. c3 Qxb2 20. O-O Qb6
21. Qxb6 axb6 22. Ng5 Be6 23. Nxe6 fxe6 24. Bc4 Re8 25. Rad1 Bxe5 26. Rd7 Rac8
27. Bb3 Rc7 28. Rxc7 Bxc7 29. Rf6 Kg7 30. Rxe6 Rxe6 31. Bxe6 b5 32. Bd7 1/2-1/2

[Event "Multi Tabs"]
[Site "Gladsaxe"]
[Date "1979.??.??"]
[Round "7"]
[White "Wedberg, Tom"]
[Black "Kristiansen, Jens"]
[Result "1/2-1/2"]
[WhiteElo "2425"]
[BlackElo "2365"]
[PlyCount "53"]
[EventDate "1979.??.??"]
[EventType "tourn"]
[EventRounds "9"]
[EventCountry "DEN"]

1. e4 c5 2. Nf3 e6 3. d4 cxd4 4. Nxd4 Nf6 5. Nc3 d6 6. g3 Be7 7. Bg2 O-O 8. O-O
Nc6 9. Re1 Qc7 10. Ncb5 Qb8 11. c4 a6 12. Nxc6 bxc6 13. Nd4 Bb7 14. e5 dxe5 15.
Nxc6 Bxc6 16. Bxc6 Ra7 17. Qe2 Rc7 18. Bg2 Bc5 19. b3 Bd4 20. Rb1 Qb6 21. Bg5
a5 22. Bxf6 gxf6 23. Qg4+ Kh8 24. Qh4 f5 25. Qf6+ Kg8 26. Qg5+ Kh8 27. Qf6+
1/2-1/2